Vật lí 6

Sách là tài liệu tham khảo giúp giáo viên, học sinh trung học cơ sở có thêm tư liệu để dạy và học tốt hơn bộ môn Vật lý.

Salvato in:
Dettagli Bibliografici
Autore principale: Vũ, Quang
Natura: Libro
Lingua:Undetermined
Pubblicazione: Hà Nội Giáo Dục 2006
Soggetti:
Tags: Aggiungi Tag
Nessun Tag, puoi essere il primo ad aggiungerne! !
Thư viện lưu trữ: Trung tâm Học liệu Trường Đại học Cần Thơ
LEADER 00762nam a2200217Ia 4500
001 CTU_116247
008 210402s9999 xx 000 0 und d
020 |c 4600 
082 |a 530.0712 
082 |b Qu106/L.6 
100 |a Vũ, Quang 
245 0 |a Vật lí 6 
245 0 |c Vũ Quang, Bùi Gia Thịnh, Nguyễn Phương Hồng 
260 |a Hà Nội 
260 |b Giáo Dục 
260 |c 2006 
520 |a Sách là tài liệu tham khảo giúp giáo viên, học sinh trung học cơ sở có thêm tư liệu để dạy và học tốt hơn bộ môn Vật lý. 
650 |a Physics 
650 |x Study and teaching 
904 |i Tuyến 
980 |a Trung tâm Học liệu Trường Đại học Cần Thơ